| 000 | 00941nam a22002537a 4500 | ||
|---|---|---|---|
| 005 | 20170124103104.0 | ||
| 010 | _aA-995056 | ||
| 020 | _c60.00 | ||
| 035 | _aA-995056 | ||
| 037 | _bCen Lib/Ret | ||
| 040 |
_aDPL _bHN |
||
| 082 |
_a820.8 _bनरेश |
||
| 100 |
_aनरेश _941420 |
||
| 245 |
_aसाहित्य-परिशीलन / _cनरेश |
||
| 246 |
_aSahitya parishilan / _bby Naresh |
||
| 260 |
_aनयी दिल्ली _bआर्य बुक डिपो _c1998 |
||
| 270 |
_bनयी दिल्ली _a30, नयीवाला करोल बाग _e110005 |
||
| 300 |
_a96पृ. _c20सेमी(सजिल्द ) |
||
| 650 |
_a साहित्य--निबंध _x _977860 |
||
| 650 |
_aहिंदी--निबंध _977861 |
||
| 650 |
_aLiterature--essays _977862 |
||
| 650 |
_aHindi--essays _977863 |
||
| 942 |
_2ddc _cHN _h820.8 _mनरेश |
||
| 999 |
_c117994 _d117994 |
||